Statistics for fairy tail ships

Click here to take the quiz!

General Stats

  • This quiz has been taken 834 times
  • The average score is 10 of 12

Answer Stats

HintAnswer% Correct
NatsuNalu
100%
GajeelGale
89%
ErzaJerza
89%
GrayGruvia
85%
ElfmanElfgreen
81%
MirajaneMiraxus
81%
LisannaNali
80%
ZerefZervis
76%
HappyHarla
72%
BisckaAlbis
66%
AquariusAquario
66%
LokeLaries
66%

Score Distribution

Percentile by Number Answered

Percent of People with Each Score

Your Score History

You have not taken this quiz